| 000 | 00376 a2200157 4500 | ||
|---|---|---|---|
| 005 | 20250605133026.0 | ||
| 020 | _a10-1-292-21800-2 | ||
| 082 | _a658.7 MUR | ||
| 100 | _aMURPHY J. | ||
| 245 | _aContemporary Logistics. | ||
| 250 | _a20th Ed. | ||
| 260 |
_aLondon _bPearson _c2018 |
||
| 300 |
_a312p.;ill,picture,table _bIndex _c25cm |
||
| 700 | _aKNEMEYER M. | ||
| 942 |
_2ddc _cBKS |
||
| 999 |
_c3231 _d3231 |
||